• 首页
  • 本馆介绍
  • 公告通知
  • 最新文献
  • 馆藏检索
  • 电子资源
  • 读者导购
  • 参考咨询
  • 我的图书馆
  • 登录
  • 详细信息显示
  • 放入我的书架
  • 预约/预借图书
  • 作者相关作品
  • 分类相关作品
  • 丛书相关作品
  • 出版社相关作品

书目信息

  • 表格格式
  • 工作单格式
  • 卡片格式
题名:
能源的宝藏
    
 
作者: 李丹 著
分册:  
出版信息: 北京   北京工业大学出版社  2015
页数: 231页
开本: 23cm
丛书名: 能源时代新动力丛书
单 册:
中图分类: P743
科图分类:
主题词: 海洋动力资源--hai yang dong li zi yuan--普及读物
电子资源:
ISBN: 978-7-5639-4325-8
000 01015nam 2200277 450
001 1769064138
005 20170405011509.39
010    @a978-7-5639-4325-8@dCNY30.00
100    @a20150728d2015 em y0chiy50 ea
101 0  @achi
102    @aCN@b110000
105    @ay a 000yy
106    @ar
200 1  @a能源的宝藏@Aneng yuan de bao zang@e海洋能@f李丹著
210    @a北京@c北京工业大学出版社@d2015
215    @a231页@d23cm
225 2  @a能源时代新动力丛书@Aneng yuan shi dai xin dong li cong shu
320    @a有书目 (第230-231页)
330    @a本书主要介绍浩瀚的海洋中蕴藏着的丰富的海洋能, 共分为七章, 主要内容包括: 揭开海洋的神秘面纱 ; 大海的呼吸 —— 海洋潮汐 ; 波涛汹涌的力量 —— 波浪能 ; 最不可思议 —— 海流能 ; 海洋新发现 —— 海洋温差能等。
410  0 @12001 @a能源时代新动力丛书
517 1  @a海洋能@Ahai yang neng
606 0  @a海洋动力资源@Ahai yang dong li zi yuan@j普及读物
690    @aP743@v5
701  0 @a李丹@Ali dan@4著
801  0 @aCN@b人天书店@c20150728
905    @aBZT@dP743@e1
    
    能源的宝藏:海洋能/李丹著.-北京:北京工业大学出版社,2015
    231页;23cm.-(能源时代新动力丛书)
    
    
    ISBN 978-7-5639-4325-8:CNY30.00
    本书主要介绍浩瀚的海洋中蕴藏着的丰富的海洋能, 共分为七章, 主要内容包括: 揭开海洋的神秘面纱 ; 大海的呼吸 —— 海洋潮汐 ; 波涛汹涌的力量 —— 波浪能 ; 最不可思议 —— 海流能 ; 海洋新发现 —— 海洋温差能等。
●
相关链接 在五车中查询图书 在当当中查询图书 在豆瓣中查询图书


正题名:能源的宝藏     索取号:P743/1         预约/预借

序号 登录号 条形码 馆藏地/架位号 状态 备注
1 826658   2000826658   第二书库/ [索取号:P743/1] 在馆    
2 826659   2000826659   第二书库/ [索取号:P743/1] 在馆    
3 826660   2000826660   第二书库/ [索取号:P743/1] 在馆    
山东省滨州职业学院图书馆 欢迎您!
大连网信软件有限公司© 版权所有